Thơ với tuổi thơ
Sách tập hợp tất cả các tập thơ của Tố Hữu từ tập thơ Từ Ấy (1937 - 1946), Việt Bắc (1946 - 1954), Gió Lộng (1955 - 1961), Ra Trận (1962 -1971), Máu và Hoa (1972 -1977), Một Tiếng Đờn (1979 - 1992), Ta với Ta (1993 - 2002)....
সংরক্ষণ করুন:
| প্রধান লেখক: | |
|---|---|
| বিন্যাস: | গ্রন্থ |
| ভাষা: | Undetermined |
| প্রকাশিত: |
Hà Nội
Kim Đồng
2007
|
| বিষয়গুলি: | |
| ট্যাগগুলো: |
ট্যাগ যুক্ত করুন
কোনো ট্যাগ নেই, প্রথমজন হিসাবে ট্যাগ করুন!
|
| Thư viện lưu trữ: | Trung tâm Học liệu Trường Đại học Cần Thơ |
|---|
| LEADER | 00973nam a2200217Ia 4500 | ||
|---|---|---|---|
| 001 | CTU_132319 | ||
| 008 | 210402s9999 xx 000 0 und d | ||
| 020 | |c 65000 | ||
| 082 | |a 895.92213 | ||
| 082 | |b T450 | ||
| 100 | |a Tố Hữu | ||
| 245 | 0 | |a Thơ với tuổi thơ | |
| 245 | 0 | |c Tố Hữu | |
| 260 | |a Hà Nội | ||
| 260 | |b Kim Đồng | ||
| 260 | |c 2007 | ||
| 520 | |a Sách tập hợp tất cả các tập thơ của Tố Hữu từ tập thơ Từ Ấy (1937 - 1946), Việt Bắc (1946 - 1954), Gió Lộng (1955 - 1961), Ra Trận (1962 -1971), Máu và Hoa (1972 -1977), Một Tiếng Đờn (1979 - 1992), Ta với Ta (1993 - 2002). | ||
| 650 | |a Vietnamese literature,Vietnamese poetry,Văn học Việt Nam,Thơ Việt Nam | ||
| 650 | |y 20th century,Thế kỷ 20 | ||
| 904 | |i Đặng Cẩm Thuỳ,QHieu(sửa) | ||
| 980 | |a Trung tâm Học liệu Trường Đại học Cần Thơ | ||